| 000 | 01021nam a2200241 a 4500 | ||
|---|---|---|---|
| 005 | 20240426063705.0 | ||
| 008 | 991125s1954 mx 000 0 spa u | ||
| 035 | _aUPN01000035064 | ||
| 049 | _aSEP | ||
| 050 | 4 |
_aF1232 _bM4.4 |
|
| 100 | 1 |
_aMejía Zúñiga, Raúl, _dn. 1914 _929284 |
|
| 245 | 1 | 3 |
_aEl liberalismo mexicano en el siglo XIX / _cpor Raúl Mejía Zúñiga. |
| 260 |
_aMéxico : _bSEP, _c1954. |
||
| 300 | _a58, [32] p. | ||
| 501 | _aCon: La revolución de Ayutla : sus orígenes, su contenido ideológico, su trascendencia en los destinos de México / por Jesús Romero Flores | ||
| 500 | _aTambién disponible en la Colección Medina | ||
| 650 | 2 |
_aLiberalismo _zMéxico _914278 |
|
| 651 | 4 |
_aMéxico _xHistoria _94558 |
|
| 651 | 4 |
_aMEXICO - _xHISTORIA - _yREVOLUCION DE AYUTLA, 1854-1855 _926538 |
|
| 700 | 1 |
_aRomero Flores, Jesús, _d1885-1987 _ecoaut. _929429 |
|
| 740 | 3 | _aLa revolución de Ayutla : sus orígenes, su contenido ideológico, su trascendencia en los destinos de México | |
| 905 | _aLibro | ||
| 999 |
_c35064 _d35064 |
||